Central Library OPAC University of Rajshahi

Egypt and the Fertile Crescent, 1516-1922 : (Record no. 65037)

MARC details
000 -LEADER
fixed length control field 00794nam a2200241 a 4500
001 - CONTROL NUMBER
control field 65037
003 - CONTROL NUMBER IDENTIFIER
rucl marc code BD-RjUL
005 - DATE AND TIME OF LATEST TRANSACTION
control field 20211209081400.0
008 - FIXED-LENGTH DATA ELEMENTS--GENERAL INFORMATION
fixed length control field 170226s1966 nyuabj b 000 0 eng
035 ## - SYSTEM CONTROL NUMBER
System control number (BD-RjUL)65167
040 ## - CATALOGING SOURCE
Original cataloging agency BD-RjUL
Transcribing agency BD-RjUL
Modifying agency BD-RjUL
Language of cataloging eng
041 ## - LANGUAGE CODE
Language code of text/sound track or separate title eng
082 00 - DEWEY DECIMAL CLASSIFICATION NUMBER
Classification number 962
Edition number 23
Author mark and year HOE 1966
100 1# - MAIN ENTRY--PERSONAL NAME
Personal name Holt, P. M.
Fuller form of name (Peter Malcolm)
9 (RLIN) 192743
245 10 - TITLE STATEMENT
Title Egypt and the Fertile Crescent, 1516-1922 :
Remainder of title a political history /
Statement of responsibility, etc. P. M. Holt.
260 ## - PUBLICATION, DISTRIBUTION, ETC. (IMPRINT)
Place of publication, distribution, etc. Ithaca, N.Y. :
Name of publisher, distributor, etc. Cornell University Press,
Date of publication, distribution, etc. 1966.
300 ## - PHYSICAL DESCRIPTION
Pagination xii, 337 p.
Illustrations ill. ;
Size 23 cm.
504 ## - BIBLIOGRAPHY, ETC. NOTE
Bibliography, etc Includes bibliographical references.
651 #0 - SUBJECT ADDED ENTRY--GEOGRAPHIC NAME
Geographic name Turkey
General subdivision History.
9 (RLIN) 192744
Geographic name Egypt
General subdivision Relations
Geographic subdivision Middle East.
9 (RLIN) 192745
Geographic name Middle East
General subdivision Relations
Geographic subdivision Egypt.
9 (RLIN) 192746
942 ## - ADDED ENTRY ELEMENTS (KOHA)
Source of classification or shelving scheme Dewey Decimal Classification
Koha item type Books
Holdings
Lost status Source of classification or shelving scheme Damaged status Not for loan Collection code Permanent Location Current Location Shelving location Date acquired Source of acquisition Cost, normal purchase price Total Checkouts Full call number Date last seen Copy number Koha item type
  Dewey Decimal Classification   Not For Loan Non-fiction Central Library, University of Rajshahi Central Library, University of Rajshahi Reading Room 16/07/1971 N/A 0.00   962 HOE 1966 26/02/2017 C-1 Books